| 000 | 00912nam a2200205Ia 4500 | ||
|---|---|---|---|
| 003 | GCL | ||
| 005 | 20240530105921.0 | ||
| 008 | 140319s9999 xx 000 0 ara d | ||
| 040 |
_aGCL / _cGCL |
||
| 082 | 0 | 4 |
_a796.4077 _bز ظ |
| 100 | 1 | _aزكى محمد محمد حسن | |
| 245 | 1 | 0 |
_aالظواهر المورفولوجية فى رياضى الالعاب الجماعية : _bمعدلات النمو - تقييم مستوى النمو البدنى - التماثل - التناسب الجسمى : مثال تطبيقى فى الكرة الطائرة / _cزكى محمد محمد حسن |
| 250 | _aالاولى | ||
| 260 |
_aالقاهرة : _bالمكتبة المصرية ، _c2004 |
||
| 300 |
_a133 ص ؛ _c24 سم |
||
| 650 | 0 | 4 | _aالرياضة البدنية |
| 650 | 0 | 4 | _aالتربية البدنية |
| 650 | 0 | 4 | _aالرياضة البدنية - الجوانب الطبية |
| 942 |
_2ddc _cBK |
||
| 999 |
_c57591 _d57591 |
||